Catálogo público

Trees of Puerto Rico and the Virgin Islands (Record no. 30982)

MARC details
000 -CABECERA
campo de control de longitud fija 01656cam a22004217a 4500
003 - IDENTIFICADOR DEL NÚMERO DE CONTROL
campo de control CHAP
005 - FECHA Y HORA DE LA ÚLTIMA TRANSACCIÓN
campo de control 20220817042004.0
008 - DATOS DE LONGITUD FIJA--INFORMACIÓN GENERAL
campo de control de longitud fija 971013s1964 r 00010 d
010 ## - NÚMERO DE CONTROL DE LA BIBLIOTECA DEL CONGRESO
Número de control de LC 30982
011 ## - ENLACE DEL NUMERO DE CONTROL DE LA BIBLIOTECA DEL CONGRESO [OBSOLETO]
Número de control de LC 31954
035 ## - NÚMERO DE CONTROL DEL SISTEMA
Número de control de sistema 36066
040 ## - FUENTE DE LA CATALOGACIÓN
Centro/agencia transcriptor CHAP
082 ## - NÚMERO DE LA CLASIFICACIÓN DECIMAL DEWEY
Número de clasificación 582.16097295
Número de documento/Ítem L58
100 00 - ENTRADA PRINCIPAL--NOMBRE DE PERSONA
Nombre de persona Little, Elbert L.
9 (RLIN) 67162
245 #0 - MENCIÓN DE TÍTULO
Título Trees of Puerto Rico and the Virgin Islands
260 ## - PUBLICACIÓN, DISTRIBUCIÓN, ETC.
Lugar de publicación, distribución, etc. Washington :
Nombre del editor, distribuidor, etc. Department of Agriculture,
Fecha de publicación, distribución, etc. 1964-
300 ## - DESCRIPCIÓN FÍSICA
Extensión v.
Otras características físicas : ilus.
490 #0 - MENCIÓN DE SERIE
Mención de serie USDA. Agriculture handbook
Designación de volumen o secuencia ; 249, 449
500 ## - NOTA GENERAL
Nota general La biblioteca tiene: v.1, v.2
590 ## - NOTA LOCAL (RLIN)
Nota local BATCH-UPD
Procedencia (VM) [OBSOLETO] 10
Condición del los carretes individuales (VM) [OBSOLETO] 20130110
-- UCH01
-- 0336
590 ## - NOTA LOCAL (RLIN)
Nota local BATCH-UPD
Procedencia (VM) [OBSOLETO] 10
Condición del los carretes individuales (VM) [OBSOLETO] 20130110
-- UCH01
-- 2122
590 ## - NOTA LOCAL (RLIN)
Nota local BATCH-UPD
Procedencia (VM) [OBSOLETO] 10
Condición del los carretes individuales (VM) [OBSOLETO] 20130410
-- UCH01
-- 1457
590 ## - NOTA LOCAL (RLIN)
Nota local BATCH-UPD
Procedencia (VM) [OBSOLETO] 10
Condición del los carretes individuales (VM) [OBSOLETO] 20130914
-- UCH01
-- 1727
590 ## - NOTA LOCAL (RLIN)
Nota local CONVERSION
Procedencia (VM) [OBSOLETO] 10
Condición del los carretes individuales (VM) [OBSOLETO] 20130109
-- UCH01
-- 1318
650 14 - PUNTO DE ACCESO ADICIONAL DE MATERIA--TÉRMINO DE MATERIA
Término de materia o nombre geográfico como elemento de entrada Árboles
Subdivisión general Islas Virgenes.
9 (RLIN) 6616
650 14 - PUNTO DE ACCESO ADICIONAL DE MATERIA--TÉRMINO DE MATERIA
Término de materia o nombre geográfico como elemento de entrada Árboles
Subdivisión general Puerto Rico.
9 (RLIN) 6640
700 0# - PUNTO DE ACCESO ADICIONAL--NOMBRE DE PERSONA
Nombre de persona Wadsworth, Frank H.
9 (RLIN) 120762
700 0# - PUNTO DE ACCESO ADICIONAL--NOMBRE DE PERSONA
Nombre de persona Woodbury, Roy O.
9 (RLIN) 122544
830 0# - PUNTO DE ACCESO ADICIONAL DE SERIE-TÍTULO UNIFORME
Título uniforme USDA Agriculture handbook
Designación de volumen o secuencia ; 249, 449
901 ## - ELEMENTOS DE DATOS A LOCAL LDA (RLIN)
a BK
942 ## - ELEMENTOS DE PUNTO DE ACCESO ADICIONAL (KOHA)
Tipo de ítem Koha Libro
949 ## - PROCESAMIENTO DE INFORMACIÓN LOCAL (OCLC)
a 582.16097295 L58
b BC
c LIBRO
d 33724000454377
e LIBRO
f v.2 c.4
h 32335
i 36066
s i
949 ## - PROCESAMIENTO DE INFORMACIÓN LOCAL (OCLC)
a 582.16097295 L58
b BC
c LIBRO
d 33724000454385
e LIBRO
f v.2 c.3
h 32020
i 36066
s i
949 ## - PROCESAMIENTO DE INFORMACIÓN LOCAL (OCLC)
a 582.16097295 L58
b BC
c LIBRO
d 33724000454393
e LIBRO
f v.2 c.2
h 31888
i 36066
s i
949 ## - PROCESAMIENTO DE INFORMACIÓN LOCAL (OCLC)
a 582.16097295 L58
b BC
c LIBRO
d 33724000454401
e LIBRO
f v.2
h 31623
i 36066
s i
949 ## - PROCESAMIENTO DE INFORMACIÓN LOCAL (OCLC)
a 582.16097295 L58
b BC
c LIBRO
d 33724000454419
e LIBRO
f v.1 c.2
h 9771
i 36066
s i
949 ## - PROCESAMIENTO DE INFORMACIÓN LOCAL (OCLC)
a 582.16097295 L58
b BC
c LIBRO
d 33724000454427
e LIBRO
f v.1
h 9770
i 36066
s i
Holdings
Estado de retiro Estado de pérdida Fuente del sistema de clasificación o colocación Estado dañado Restricciones de uso No para préstamo Código de colección Localización permanente Ubicación/localización actual Ubicación en estantería Fecha de adquisición Información codificada de la localización en otra ubicación Total de préstamos Signatura topográfica completa Código de barras Fecha visto por última vez Número de copia Precio válido a partir de Tipo de ítem Koha
    Dewey Decimal Classification   Préstamo 15 días   General Biblioteca Central Biblioteca Central Planta alta - Colección General 31/12/2019 LIBRO   582.16097295 L58 33724000454377 31/12/2019 v.2 c.4 31/12/2019 Libro
    Dewey Decimal Classification   Préstamo 15 días   General Biblioteca Central Biblioteca Central Planta alta - Colección General 31/12/2019 LIBRO   582.16097295 L58 33724000454385 31/12/2019 v.2 c.3 31/12/2019 Libro
    Dewey Decimal Classification   Préstamo 15 días   General Biblioteca Central Biblioteca Central Planta alta - Colección General 31/12/2019 LIBRO   582.16097295 L58 33724000454393 31/12/2019 v.2 c.2 31/12/2019 Libro
    Dewey Decimal Classification   Préstamo 15 días   General Biblioteca Central Biblioteca Central Planta alta - Colección General 31/12/2019 LIBRO   582.16097295 L58 33724000454401 31/12/2019 v.2 31/12/2019 Libro
    Dewey Decimal Classification   Préstamo 15 días   General Biblioteca Central Biblioteca Central Planta alta - Colección General 31/12/2019 LIBRO   582.16097295 L58 33724000454419 31/12/2019 v.1 c.2 31/12/2019 Libro
    Dewey Decimal Classification   Préstamo 15 días   General Biblioteca Central Biblioteca Central Planta alta - Colección General 31/12/2019 LIBRO   582.16097295 L58 33724000454427 31/12/2019 v.1 31/12/2019 Libro